000 00845cam a2200301 a 4500
999 _c734
_d734
001 005121854
003 OCoLC
005 20191205160618.0
008 091125r19891988enk 000 1 eng
015 _aGB90-8700
020 _a0552131075 (pbk.) :
020 _a9780552131070 (pbk.)
035 _a.b51614753
035 _a(OCoLC)21034346
040 _aUKM
_cUKM
_dWAU
_dBAKER
_dNCTU
042 _anbic
082 _aFIC PRA
100 1 _aPratchett, Terry.
_eauthor
245 1 0 _aSourcery /
_cTerry Pratchett.
260 _aLondon :
_bCorgi Books,
_c1989.
300 _a269 p. ;
_c18 cm.
490 0 _aThe Discworld series.
500 _a"A Discworld novel" -- Cover.
500 _aOriginally published: London : Gollancz, 1988.
650 0 _aDiscworld (Imaginary place)
_vFiction.
650 0 _aWizards
_vFiction.
942 _2ddc
_cFIC